Biggest Cities In Countries That Start With I - With Exceptions - Statistics

General Stats
  • This quiz has been taken 30 times
  • The average score is 13 of 19
Answer Stats
Population City % Correct
7.65 m Baghdad
100%
29.2 m Jakarta
100%
16.5 m Tehran
100%
6.10 m Milan
96%
3.43 m Rome
96%
4.05 m Naples
93%
2.95 m Tel Aviv
89%
6.95 m Bandung
70%
5.90 m Surabaya
70%
6.80 m Abidjan
63%
3.43 m Mashhad
63%
3.38 m Isfahan
56%
4.20 m Medan
52%
1.91 m Shiraz
48%
1.94 m Tabriz
44%
1.76 m Palembang
41%
1.78 m Yogyakarta
33%
1.79 m Makassar
26%
2.10 m Semarang
26%
No matching quizzes found
Score Distribution
Percent of People with Each Score
Percentile by Number Answered
Your Score History
You have not taken this quiz